000 00496nam a2200157 i 4500
001 90842
003 ES-MaACL
005 20230906180556.0
007 t|
008 050125s1975 sp ||||1| spa d
245 0 0 _aLecturas sobre teoría económica /
_cseleccionadas por J. Hortalá Arau.
260 _aBarcelona :
_bUniversidad de Barcelona, Departamento de Teoría Económica,
_c[1975]
300 _a2 v. ;
_c21 cm.
700 1 _aHortalà i Arau, Joan.
_9158761
852 _aES-MaACL
_jE-8432-33
999 _c90842
_d90842